000
00299nam a22001097a 4500
008
230703b xxu||||| |||| 00| 0 eng d
082
_a
342
_b
CKRC 2002
245
_a
Taarifa ya Tume ya Marekebisho ya Katiba ya Kenya Toleo Fupi
_b
Chaguo la Wananchi
260
_c
2002
300
_a
72p
942
_2
ddc
_c
BK
999
_c
3501
_d
3501